Gaming Quiz

Random Gaming or Pokémon Quiz

Complete the Pokémon Move Quiz Stats

Quiz Updated Jun 7, 2016

Challenge
Share
Tweet
Embed
Score 0/50 Timer 05:00
9 Plays Today
% Correct
Hand
83.1%
Chop
82.2%
Pump
81.3%
Body
80.7%
Ace
80.6%
Seed
79.6%
Beam
79.2%
Dance
78.8%
Dream
78.4%
Look
78%
Day
77.9%
Seismic
77.6%
Curl
77.5%
Poison
77.3%
Water
76.8%
Powder
76.5%
Night
76.3%
Boom
76.2%
Stun
75.8%
Double
75.2%
Aqua
75%
Kiss
73.9%
Grip
73.7%
Bomb
72.6%
Flame
72.5%
% Correct
Take
72.5%
Pass
72.4%
Bond
71.5%
Pin
70.9%
Drink
69.9%
Speed
68.9%
Thunder
68.8%
Draco
68.6%
Drum
68.5%
Cutter
68.1%
Punch
67%
Gleam
64.3%
Metal
62.4%
Smelling
61.7%
Claws
61.3%
Bug
61.4%
Bone
57.6%
Tornado
53.4%
Wrath
52.6%
Force
50.9%
Psycho
48.3%
Drench
44%
Curse
42.4%
Ion
39.2%
Impulse
39.2%

You're not logged in!

Compare scores with friends on all Sporcle quizzes.
Join for Free
OR
Log In

You Might Also Like...

Show Comments

Extras

Top Quizzes Today


Score Distribution

Your Account Isn't Verified!

In order to create a playlist on Sporcle, you need to verify the email address you used during registration. Go to your Sporcle Settings to finish the process.

Report this User

Report this user for behavior that violates our Community Guidelines.

Details: